Actual Changes in Current Financial Assets` Conception

Vymedzenie finančného majetku podľa Opatrenia Ministerstva financií SR č. 23054/2002-92. Zmeny v identifikácii, oceňovaní a obsahovom vymedzení krátkodobého finančného majetku. Servisné poukážky vydané podľa zákona o sociálnej ekonomike a sociálnych podnikoch. Cenné papiere, emisné kvóty, komodity a...

Celý popis

Uložené v:
Podrobná bibliografia
Hlavný autor: Blahušiaková, Miriama, 1980-
Médium: Kapitola
Jazyk:Slovak
Predmet:
Tagy: Pridať tag
Žiadne tagy, Buďte prvý, kto otaguje tento záznam!

MARC

LEADER 00000naa$a2200000$$$4500
001 0258539
005 20240502074107.1
041 0 |a slo 
044 |a SK 
245 1 0 |a Actual Changes in Current Financial Assets` Conception  |c Miriama Blahušiaková 
520 |a Vymedzenie finančného majetku podľa Opatrenia Ministerstva financií SR č. 23054/2002-92. Zmeny v identifikácii, oceňovaní a obsahovom vymedzení krátkodobého finančného majetku. Servisné poukážky vydané podľa zákona o sociálnej ekonomike a sociálnych podnikoch. Cenné papiere, emisné kvóty, komodity a virtuálna mena ako krátkodobý finančný majetok podniku. 
610 2 0 |a majetok finančný 
610 2 0 |a poukážky 
610 2 0 |a komodity 
610 2 0 |a papiere cenné 
610 2 0 |a mena virtuálna 
610 2 0 |a účtovanie 
610 2 0 |a oceňovanie 
610 2 0 |a triedy účtové 
100 1 |a Blahušiaková, Miriama, 1980-